Regency Seats of Central Java - Statistics

General Stats
  • This quiz has been taken 12 times
  • The average score is 26 of 29
Answer Stats
Regency Seat % Correct
Banjarnegara Banjarnegara
100%
Batang Batang
100%
Blora Blora
100%
Boyolali Boyolali
100%
Brebes Brebes
100%
Cilacap Cilacap
100%
Demak Demak
100%
Jepara Jepara
100%
Karanganyar Karanganyar
100%
Kebumen Kebumen
100%
Kendal Kendal
100%
Klaten Klaten
100%
Kudus Kudus
100%
Pati Pati
90%
Banyumas Purwokerto
90%
Purworejo Purworejo
90%
Rembang Rembang
90%
Temanggung Temanggung
90%
Wonogiri Wonogiri
90%
Pemalang Pemalang
80%
Purbalingga Purbalingga
80%
Grobogan Purwodadi
80%
Sragen Sragen
80%
Sukoharjo Sukoharjo
80%
Wonosobo Wonosobo
80%
Semarang Ungaran
70%
Tegal Slawi
60%
Pekalongan Kajen
50%
Magelang Mungkid
50%
No matching quizzes found
Score Distribution
Percent of People with Each Score
Percentile by Number Answered
Your Score History
You have not taken this quiz